The telescope (Record no. 959)

MARC details
000 -LEADER
fixed length control field 00565nam a2200181Ia 4500
003 - CONTROL NUMBER IDENTIFIER
control field IN-BaIIA
008 - FIXED-LENGTH DATA ELEMENTS--GENERAL INFORMATION
fixed length control field 211028s9999 xx 000 0 eng d
040 ## - CATALOGING SOURCE
Transcribing agency IIA Library
080 ## - UNIVERSAL DECIMAL CLASSIFICATION NUMBER
Universal Decimal Classification number 520.2
Item number HER
100 ## - MAIN ENTRY--PERSONAL NAME
Personal name Herschel, John F. W.
9 (RLIN) 1319
245 #4 - TITLE STATEMENT
Title The telescope
Statement of responsibility, etc. John F. W. Herschel and K. H. Bart
260 ## - PUBLICATION, DISTRIBUTION, ETC.
Place of publication, distribution, etc. Edinburgh
Name of publisher, distributor, etc. Adam and Charles Black
Date of publication, distribution, etc. 1861
300 ## - PHYSICAL DESCRIPTION
Extent vii, 190p.
650 ## - SUBJECT ADDED ENTRY--TOPICAL TERM
Topical term or geographic name entry element Astronomical telescopes
9 (RLIN) 2016
650 ## - SUBJECT ADDED ENTRY--TOPICAL TERM
Topical term or geographic name entry element Astronomy and astrophysics thesaurus
700 ## - ADDED ENTRY--PERSONAL NAME
Personal name Bart, K. H.
9 (RLIN) 2064
942 ## - ADDED ENTRY ELEMENTS (KOHA)
Koha item type Books
Holdings
Withdrawn status Lost status Damaged status Not for loan Home library Current library Shelving location Date acquired Total Checkouts Full call number Barcode Date last seen Price effective from Koha item type
        IIA Library-Bangalore IIA Library-Bangalore General Stacks     520.2/ HER 993 05/11/2021   Books

Powered by Koha